Datum a čas kvízu
24
Celkem bodů
Celkový počet nahraných bodů na tomto kvízu bez doplňovacích otázek.
12.
Pořadí na kvízu
Konečné umístění týmu na tomto kvízu.
Zaznamenané odpovědi
| # | Otázka | Odpověď | Body | Výsledky |
|---|---|---|---|---|
| 1. | Kolik Českých lvů získal při s... | 0 | ||
| 2. | Do prodejny mobilů přišla žena... | 1 | ||
| 3. | Umělkyně Kateřina Šedá chystá... | 0 | ||
| 4. | Minulý týden byla vydána další... | 0 | ||
| 5. | Petr Čech překonal v nedělním... | 1 | ||
| 6. | V tomto tématu si posvítíme na... | 1 | ||
| 7. | Které jsou nejrozšířenější jaz... | 1 | ||
| 8. | Největší jezera na světě co do... | 0 | ||
| 9. | Státy USA s největší rozlohou:... | 0.5 | ||
| 10. | Státy Evropské unie podle rozl... | 0 |